Online
Catalog

De pies sobre la cumbre enhiesta de la gloria : (Record no. 31777)

MARC details
000 -CABECERA
campo de control de longitud fija 00734nam a2200205 a 4500
001 - NÚMERO DE CONTROL
campo de control 000032286
003 - IDENTIFICADOR DEL NÚMERO DE CONTROL
campo de control OSt
005 - FECHA Y HORA DE LA ÚLTIMA TRANSACCIÓN
campo de control 20240229073937.0
008 - DATOS DE LONGITUD FIJA--INFORMACIÓN GENERAL
campo de control de longitud fija 110714s1955 dr a r 000 0 spa d
040 ## - FUENTE DE LA CATALOGACIÓN
Centro catalogador/agencia de origen DO-SdBNP
Lengua de catalogación spa
Centro/agencia transcriptor BNPHU
082 #4 - NÚMERO DE LA CLASIFICACIÓN DECIMAL DEWEY
Número de clasificación 923.17293
Número de documento/Ítem T866M
100 1# - ENTRADA PRINCIPAL--NOMBRE DE PERSONA
Nombre de persona Meyreles Soler, Rafael
9 (RLIN) 37745
245 10 - MENCIÓN DE TÍTULO
Título De pies sobre la cumbre enhiesta de la gloria :
Resto del título (vida y verdad de un patriotismo inmaculado) /
Mención de responsabilidad, etc. Rafael Meyreles Soler.
260 ## - PUBLICACIÓN, DISTRIBUCIÓN, ETC.
Lugar de publicación, distribución, etc. Ciudad Trujillo, República Dominicana :
Nombre del editor, distribuidor, etc. Imprenta Compostela,
Fecha de publicación, distribución, etc. 1955.
300 ## - DESCRIPCIÓN FÍSICA
Extensión 39 p. :
Otras características físicas il. ;
Dimensiones 20 cm.
590 ## - NOTA LOCAL (RLIN)
Nota local Inventariado, 2018/LP
600 10 - PUNTO DE ACCESO ADICIONAL DE MATERIA--NOMBRE DE PERSONA
Nombre de persona Trujillo Molina, Rafael Leónidas,
Fechas asociadas al nombre 1891-1961
9 (RLIN) 76764
910 ## - DATOS DE OPCIÓN DEL USUARIO (OCLC)
Datos de opción del usuario Validado. Control de calidad MFF
942 ## - ELEMENTOS DE PUNTO DE ACCESO ADICIONAL (KOHA)
Fuente del sistema de clasificación o colocación Dewey Decimal Classification
Tipo de ítem Koha Libros y folletos
Holdings
Estado de retiro Estado de pérdida Fuente del sistema de clasificación o colocación Restricciones de uso No para préstamo Código de colección Localización permanente Ubicación/localización actual Fecha de adquisición Número de inventario Total de préstamos Signatura topográfica completa Código de barras Fecha visto por última vez Precio válido a partir de Tipo de ítem Koha Número de copia Nota pública Ubicación en estantería
    Dewey Decimal Classification   Excluido de préstamo Raros y valiosos Patrimonio Dominicano Patrimonio Dominicano 14.07.2011 LF1   923.17293 T866M 32286-10 25.06.2020 25.06.2020 No se presta      
    Dewey Decimal Classification   Excluido de préstamo Raros y valiosos Patrimonio Dominicano Patrimonio Dominicano 28.08.2018 LF1   923.17293 T866M 32286-20 25.06.2020 25.06.2020 No se presta e.2 Perteneció a la biblioteca pesonal de Martínez Boog.  
          Patrimonio Dominicano Patrimonio Dominicano Patrimonio Dominicano 14.07.2011 LF1   xxxx T866M 32287-10 25.06.2020 25.06.2020 Libro y Folleto Colección Patrimonio Dominicano     Orden iniciada

Powered by Koha